000 00843nam a2200205Ia 4500
003 GCL
008 140319s9999 xx 000 0 ara d
020 _a7095528977
040 _aGCL /
_cGCL
082 0 4 _aط
_b230
_bهـ ا
100 1 _aهيئة الاغاثة الاسلامية العالمي
245 1 0 _aاطفالنا-وصايا الفتاة المسلمة-وصايا الاباء-وصايا الزوج-وصايا الزوجة المسلمة-الاحاديث القدسية- /
_cهيئة الاغاثة الاسلامية العالمي
260 _aالرياض :
_bهيئة الاغاثة الاسلامية العالمية
300 _aمتعدد ؛
_c24 سم
490 _aاطفالنا
_v0
650 0 4 _aقصص الاطفال
650 0 4 _aادب الاطفال
650 0 4 _aالاطفال - قصص
942 _2ddc
_cBK
999 _c51173
_d51173